[Event "U-20 Pan-American Chess Championship Female 2022"]
[Site "(Pereira - Risaralda) Gran Hotel. Calle 19 # 9-19"]
[Date "2022.08.24"]
[Round "4"]
[Board "12"]
[White "Ladron De Guevara Mendez, Lorena"]
[Black "Quevedo Bonilla, Paula Thaliana"]
[Result "1/2-1/2"]
[WhiteElo "1378"]
[BlackElo "1267"]
[PlyCount "0"]
[EventDate "2022.08.23"]
[EventRounds "9"]
[EventCountry "COL"]

1. e4 e5 2. Nf3 Nc6 3. Nc3 Nf6 4. d4 exd4 5. Nd5 Nb4 6. Bc4 Nbxd5 7. exd5 Be7
8. O-O O-O 9. Re1 d6 10. Qe2 Re8 11. Bg5 Bd7 12. Bxf6 Bxf6 13. Qd3 Be5 14. Nxd4
Qf6 15. c3 Bxd4 16. Qxd4 Qxd4 17. cxd4 Rxe1+ 18. Rxe1 Re8 19. Rxe8+   1/2-1/2

[Event "U-20 Pan-American Chess Championship Female 2022"]
[Site "(Pereira - Risaralda) Gran Hotel. Calle 19 # 9-19"]
[Date "2022.08.24"]
[Round "4"]
[Board "13"]
[White "Medina Baquiro, Paula Andrea"]
[Black "Carrillo Riano, Karen Sofia"]
[Result "1-0"]
[WhiteElo "1235"]
[BlackElo "1350"]
[PlyCount "0"]
[EventDate "2022.08.23"]
[EventRounds "9"]
[EventCountry "COL"]

1. e4 c5 2. Nf3 e6 3. d4 cxd4 4. Nxd4 a6 5. Be3 Nf6 6. Nd2 Nc6 7. Bd3 d5 8.
exd5 Nxd5 9. Nxc6 bxc6 10. Qf3 Bb7 11. Ne4 Nxe3 12. fxe3 Rb8 13. O-O f5 14.
Rad1 Qe7 15. Qf4 Ra8 16. Ng5 h6 17. Nxe6 Qxe6 18. Bxf5 g5 19. Bg6+ Qxg6 20.
Qe5+ Be7 21. Qxh8+   1-0

[Event "U-20 Pan-American Chess Championship Female 2022"]
[Site "(Pereira - Risaralda) Gran Hotel. Calle 19 # 9-19"]
[Date "2022.08.25"]
[Round "5"]
[Board "1"]
[White "Garcia Andrada, Heidy Nicole"]
[Black "Contreras Huaman, Fiorella"]
[Result "1-0"]
[WhiteElo "2002"]
[BlackElo "1948"]
[PlyCount "0"]
[EventDate "2022.08.23"]
[EventRounds "9"]
[EventCountry "COL"]

1. e4 e6 2. d4 d5 3. Nd2 Nf6 4. e5 Nfd7 5. f4 c5 6. Ndf3 Nc6 7. Be3 Qb6 8. b3
cxd4 9. Nxd4 Bb4+ 10. Kf2 Bc5 11. c3 f6 12. b4 Bxd4 13. cxd4 Qxb4 14. Rb1 Qa3
15. Qd2 O-O 16. Nf3 Nb6 17. Bd3 Bd7 18. Rb3 Qe7 19. Qc2 f5 20. Bd2 Rac8 21. Qb1
Be8 22. Bb5 Nc4 23. Bxc4 dxc4 24. Rxb7 Qd8 25. Bc3 Bh5 26. Rd1 Bxf3 27. gxf3
Qh4+ 28. Ke3 g5 29. fxg5 f4+ 30. Kd2 Rb8 31. Kc1 Qxh2 32. Qb5 Qxa2 33. Qxc6
Qa3+ 34. Kc2 Qa2+ 35. Rb2 Rxb2+ 36. Bxb2 Qb3+ 37. Kc1 Rb8 38. Rd2 Rb6 39. Qc8+
Kf7 40. d5 exd5 41. e6+ Rxe6 42. Qd7+ Re7 43. Qxd5+ Kg6 44. Qd6+   1-0

[Event "U-20 Pan-American Chess Championship Female 2022"]
[Site "(Pereira - Risaralda) Gran Hotel. Calle 19 # 9-19"]
[Date "2022.08.25"]
[Round "5"]
[Board "2"]
[White "Hilario, Aleyla"]
[Black "Hernandez Bermudez, Manuela"]
[Result "1/2-1/2"]
[WhiteElo "1899"]
[BlackElo "1894"]
[PlyCount "0"]
[EventDate "2022.08.23"]
[EventRounds "9"]
[EventCountry "COL"]

1. d4 Nf6 2. c4 g6 3. Nc3 d5 4. cxd5 Nxd5 5. e4 Nxc3 6. bxc3 Bg7 7. Bc4 c5 8.
Ne2 Nc6 9. Be3 O-O 10. h4 Qc7 11. Rc1 e5 12. dxc5 b6 13. cxb6 axb6 14. O-O Re8
15. Rb1 Na5 16. Bd5 Rb8 17. Qc1 Ba6 18. Re1 Bc4 19. Bh6 Bxh6 20. Qxh6 Rbd8 21.
Ng3 Rd6 22. Red1 Red8 23. Rd2 Bxd5 24. exd5 Nc4 25. Rd3 f5 26. h5 Qg7 27. Qxg7+
Kxg7 28. hxg6 hxg6 29. Rb4 Rc8 30. f3 Kf6 31. Kf2 Rc5 32. Ke2 b5 33. Nf1 Rdxd5
34. Rxd5 Rxd5 35. a4 Nd6 36. axb5 Rxb5 37. Rxb5 Nxb5 38. Kd3 Ke6 39. Kc4 Nd6+
40. Kc5 g5 41. c4 e4 42. fxe4 Nxe4+ 43. Kd4 Kd6 44. g4 Ke6 45. Ne3 Nd6   1/2-1/2

[Event "U-20 Pan-American Chess Championship Female 2022"]
[Site "(Pereira - Risaralda) Gran Hotel. Calle 19 # 9-19"]
[Date "2022.08.25"]
[Round "5"]
[Board "3"]
[White "Pena Gonzalez, Clara Isabel"]
[Black "Diaz Charpentier, Kristel Meliss"]
[Result "1/2-1/2"]
[WhiteElo "1833"]
[BlackElo "1989"]
[PlyCount "0"]
[EventDate "2022.08.23"]
[EventRounds "9"]
[EventCountry "COL"]

1. e4 c5 2. Nf3 d6 3. d4 cxd4 4. Nxd4 Nf6 5. Nc3 g6 6. Be3 Bg7 7. f3 O-O 8. Qd2
Nc6 9. O-O-O d5 10. Kb1 Nxd4 11. e5 Nf5 12. exf6 exf6 13. Nxd5 Nxe3 14. Qxe3
Be6 15. Bc4 Bxd5 16. Bxd5 Qc7 17. h4 f5 18. h5 Rac8 19. Bb3 Rfe8 20. Qc1 Rcd8
21. hxg6 hxg6 22. Qg5 Rxd1+ 23. Rxd1 Qe5 24. c3 Qf6 25. Qxf6 Bxf6 26. Rd7 Re7
27. Rxe7 Bxe7 28. Kc2 Bd6 29. Bd5 b5 30. Kb3 Kf8 31. Bc6 a6 32. Bb7 a5 33. Bc6
b4 34. cxb4 Bxb4 35. Kc4 Ke7 36. a3 Be1 37. b4 axb4 38. axb4 Kd6 39. Be8 Ke5
  1/2-1/2

[Event "U-20 Pan-American Chess Championship Female 2022"]
[Site "(Pereira - Risaralda) Gran Hotel. Calle 19 # 9-19"]
[Date "2022.08.25"]
[Round "5"]
[Board "4"]
[White "Perez Hernandez, Vicmary C."]
[Black "Pinillo Canon, Silvana"]
[Result "1-0"]
[WhiteElo "1764"]
[BlackElo "1806"]
[PlyCount "0"]
[EventDate "2022.08.23"]
[EventRounds "9"]
[EventCountry "COL"]

1. e4 e5 2. d4 exd4 3. Nf3 Nc6 4. Bc4 Nf6 5. e5 d5 6. Bb5 Ne4 7. Nxd4 Bd7 8.
Bxc6 bxc6 9. O-O Bc5 10. f3 Ng5 11. f4 Ne4 12. Be3 O-O 13. Nd2 Nxd2 14. Qxd2
Qe7 15. Rae1 Rfe8 16. Qf2 Bb6 17. Nb3 Bf5 18. Bc5 Qe6 19. a4 Qg6 20. a5 Bxc5
21. Nxc5 Rab8 22. c3 Red8 23. Rd1 h6 24. b4 Re8 25. Rde1 Rb5 26. Qd4 h5 27. Qf2
Rbb8 28. Re3 Qh6 29. Rg3 f6 30. Qd4 h4 31. Re3 Qg6 32. e6 Re7 33. Rfe1 Rbe8 34.
h3 Kh8 35. a6 Qh7 36. Qd2 Qg8 37. Qe2 g6 38. Kh2 Kg7 39. Qf2 Qh7 40. R3e2 Qh6
41. Qd4 g5 42. fxg5 Qxg5 43. Qf2 Bg6 44. Rf1 Bh7 45. Qf4 Bg6 46. Ref2 Qe5 47.
Rf3 Rxe6 48. Nxe6+ Rxe6 49. Kh1 Bh5 50. R3f2 Bg6 51. Qxh4 Qxc3 52. Qg4 Qe5 53.
h4 Re8 54. Rxf6   1-0

[Event "U-20 Pan-American Chess Championship Female 2022"]
[Site "(Pereira - Risaralda) Gran Hotel. Calle 19 # 9-19"]
[Date "2022.08.25"]
[Round "5"]
[Board "6"]
[White "Matus, Nastassja"]
[Black "Acosta Angulo, Mariana Valentina"]
[Result "1-0"]
[WhiteElo "1976"]
[BlackElo "1489"]
[PlyCount "0"]
[EventDate "2022.08.23"]
[EventRounds "9"]
[EventCountry "COL"]

1. d4 Nf6 2. g3 d5 3. Nf3 Bf5 4. c4 e6 5. Bg2 c6 6. b3 Bd6 7. O-O O-O 8. Bb2
Bxb1 9. Rxb1 Ne4 10. Ne5 f5 11. f3 Nf6 12. Qd3 Na6 13. a3 c5 14. cxd5 exd5 15.
Qxf5 Qe7 16. Qd3 cxd4 17. f4 Nc5 18. Qd1 Nce4 19. Bxd4 Bxa3 20. Ra1 a5 21. e3
Rfc8 22. Qd3 Qb4 23. Ra2 a4 24. bxa4 Rxa4 25. Rc2 Raa8 26. Bh3 Rxc2 27. Qxc2
Nd2 28. Bc3 Qc5 29. Qxd2 Ne4 30. Be6+ Kh8 31. Nf7+ Kg8 32. Ng5+   1-0

[Event "U-20 Pan-American Chess Championship Female 2022"]
[Site "(Pereira - Risaralda) Gran Hotel. Calle 19 # 9-19"]
[Date "2022.08.25"]
[Round "5"]
[Board "7"]
[White "Montano Vicente, Guadalupe"]
[Black "Ruiz Villalba, Andrea"]
[Result "1/2-1/2"]
[WhiteElo "1644"]
[BlackElo "1845"]
[PlyCount "0"]
[EventDate "2022.08.23"]
[EventRounds "9"]
[EventCountry "COL"]

1. d4 Nf6 2. c4 g6 3. Nc3 d5 4. Nf3 Bg7 5. Qb3 dxc4 6. Qxc4 O-O 7. e4 a6 8. Qa4
c6 9. Be2 b5 10. Qc2 Bb7 11. O-O Nbd7 12. Rd1 Qa5 13. Bd2 b4 14. e5 bxc3 15.
Bxc3 Qd5 16. Nd2 Qe6 17. exf6 Nxf6 18. Bf3 Nd5 19. Re1 Qd7 20. Ne4 Bc8 21. Qd2
Nxc3 22. bxc3 Qc7 23. Qg5 e5 24. Nf6+ Bxf6 25. Qxf6 exd4 26. Qxc6 Qxc6 27. Bxc6
Rb8 28. cxd4 Rd8 29. d5 Bd7 30. Rac1 Bxc6 31. dxc6 Rdc8 32. Rc2 Rc7 33. f4 Rb6
34. Rec1 Kf8 35. Rc3 Ke7 36. Re3+ Kf6 37. Rec3 Ke6 38. g4 Kd5 39. Rd1+ Ke6 40.
Re3+ Kf6 41. Rd6+ Kg7 42. Rc3 Rb4 43. Rd7 Rxd7 44. cxd7 Rd4 45. Rc7 Kf6 46.
Rc6+ Ke7 47. Rxa6 Rxf4 48. Rd6 Rxg4+ 49. Kh1 Kd8 50. Rf6 Kxd7 51. Rxf7+ Ke6 52.
Rxh7 Ra4   1/2-1/2

[Event "U-20 Pan-American Chess Championship Female 2022"]
[Site "(Pereira - Risaralda) Gran Hotel. Calle 19 # 9-19"]
[Date "2022.08.25"]
[Round "5"]
[Board "8"]
[White "Ruiz Jaraba, Valentina Sofia"]
[Black "Guerrero Caicedo, Arlette"]
[Result "1-0"]
[WhiteElo "1816"]
[BlackElo "1531"]
[PlyCount "0"]
[EventDate "2022.08.23"]
[EventRounds "9"]
[EventCountry "COL"]

1. e4 e5 2. Nf3 Nc6 3. Bb5 g6 4. O-O Bg7 5. c3 Nge7 6. d4 exd4 7. cxd4 d5 8.
exd5 Nxd5 9. Nc3 O-O 10. Bxc6 bxc6 11. h3 c5 12. Nxd5 Qxd5 13. Be3 Ba6 14. dxc5
Qc4 15. Re1 Bxb2 16. Rb1 Bg7 17. Qd7 Qxa2 18. Qxc7 Rfc8 19. Qe7 Re8 20. Qh4
Rab8 21. Rxb8 Rxb8 22. Bf4 Rc8 23. Bd6 Bf8 24. Ng5 h6 25. Ne4 Bxd6 26. Nxd6
Rxc5 27. Re8+ Kh7 28. Qf6   1-0

[Event "U-20 Pan-American Chess Championship Female 2022"]
[Site "(Pereira - Risaralda) Gran Hotel. Calle 19 # 9-19"]
[Date "2022.08.25"]
[Round "5"]
[Board "9"]
[White "Caicedo Anguila, Juliana"]
[Black "Lopez Mahecha, Natalia"]
[Result "1-0"]
[WhiteElo "1591"]
[BlackElo "1197"]
[PlyCount "0"]
[EventDate "2022.08.23"]
[EventRounds "9"]
[EventCountry "COL"]

1. d4 Nf6 2. Nf3 d6 3. b4 g6 4. Bb2 Bg7 5. c4 O-O 6. e3 Nbd7 7. Be2 c5 8. bxc5
dxc5 9. d5 Nb6 10. O-O Bf5 11. Nc3 a6 12. Qb3 Qc7 13. Nd2 Ng4 14. Nf3 Nd7 15.
h3 Nge5 16. e4 Nxf3+ 17. Bxf3 Bxh3 18. gxh3 Qf4 19. Ne2 Qg5+ 20. Bg2 Ne5 21. f4
Qh5 22. Ng3   1-0

[Event "U-20 Pan-American Chess Championship Female 2022"]
[Site "(Pereira - Risaralda) Gran Hotel. Calle 19 # 9-19"]
[Date "2022.08.25"]
[Round "5"]
[Board "10"]
[White "Quevedo Bonilla, Paula Thaliana"]
[Black "Escobar Villota, Domenika Gabriela"]
[Result "1/2-1/2"]
[WhiteElo "1267"]
[BlackElo "1520"]
[PlyCount "0"]
[EventDate "2022.08.23"]
[EventRounds "9"]
[EventCountry "COL"]

1. e4 c5 2. Nf3 Nc6 3. d4 cxd4 4. Nxd4 g6 5. Be3 Bg7 6. Nc3 d6 7. f3 Bd7 8. Qd2
a6 9. Nd5 Rb8 10. O-O-O b5 11. Kb1 Ne5 12. Bf2 Nf6 13. Ne3 a5 14. Bg3 Nh5 15.
Nd5 O-O 16. Bh4 Nf6 17. Bxf6 exf6 18. g4 a4 19. h4 h6 20. g5 fxg5 21. hxg5 h5
22. Qf4 f6 23. gxf6 Bxf6 24. Qg3 Qe8 25. Rxh5 Bg7 26. Rh2 Nc4 27. Qh4 Qe5 28.
Bh3 Bxh3 29. Rxh3 Rb7 30. Rg1 Qxd4 31. Qh7+ Kf7 32. Qxg6+ Kg8 33. Qh7+ Kf7 34.
Qg6+ Kg8 35. Qh7+   1/2-1/2

[Event "U-20 Pan-American Chess Championship Female 2022"]
[Site "(Pereira - Risaralda) Gran Hotel. Calle 19 # 9-19"]
[Date "2022.08.25"]
[Round "5"]
[Board "11"]
[White "Sanchez Riobo, Emily Dainne"]
[Black "Susunaga Duran, Madelen Fernanda"]
[Result "0-1"]
[WhiteElo "1405"]
[BlackElo "1204"]
[PlyCount "0"]
[EventDate "2022.08.23"]
[EventRounds "9"]
[EventCountry "COL"]

1. d4 Nf6 2. Nf3 g6 3. c4 Bg7 4. g3 d6 5. Bg2 O-O 6. Nc3 c5 7. O-O Bf5 8. Nh4
Bd7 9. Bxb7 Nc6 10. Bxa8 Qxa8 11. d5 Ne5 12. Nf3 Nxc4 13. e4 h5 14. Qd3 Nb6 15.
Bg5 a6 16. Rfe1 Re8 17. Rac1 Nh7 18. Bf4 f6 19. h4 Bg4 20. Kg2 Rf8 21. Nd2 g5
22. Be3 Qc8 23. f3 Bh3+ 24. Kf2 f5 25. Bxg5 Nxg5 26. hxg5 fxe4 27. Qxe4 Bd4+
28. Ke2 Bf5 29. Qh4 Nxd5 30. Nde4 Qb7 31. Rc2 Nxc3+ 32. bxc3 Qb5+ 33. Kd2 d5
34. cxd4 dxe4 35. Rxe4 cxd4 36. Rxd4 Bxc2 37. Kxc2 Qe2+ 38. Kb3 Rxf3+ 39. Rd3
Rxd3+ 40. Kb4 Qg4+   0-1

[Event "U-20 Pan-American Chess Championship Female 2022"]
[Site "(Pereira - Risaralda) Gran Hotel. Calle 19 # 9-19"]
[Date "2022.08.25"]
[Round "5"]
[Board "12"]
[White "Lobo Meneses, Natalia"]
[Black "Ladron De Guevara Mendez, Lorena"]
[Result "1-0"]
[WhiteElo "1319"]
[BlackElo "1378"]
[PlyCount "0"]
[EventDate "2022.08.23"]
[EventRounds "9"]
[EventCountry "COL"]

1. e4 e5 2. Nf3 Nc6 3. Bb5 a6 4. Ba4 Nf6 5. Qe2 b5 6. Bb3 Bc5 7. c3 d6 8. O-O
O-O 9. Rd1 Bg4 10. h3 Bxf3 11. Qxf3 Bb6 12. d3 h6 13. Nd2 Ne7 14. Nf1 d5 15.
Bxh6 gxh6 16. Qxf6 Kh7 17. Qxe5 Rg8 18. Ne3 Rg5 19. Qf4 Qd7 20. Ng4 Ng6 21.
Qxg5 hxg5 22. Nf6+ Kg7 23. Nxd7 dxe4 24. Nxb6 cxb6 25. dxe4 Ne5 26. Rd6 g4 27.
Rad1 gxh3 28. Rd8 Ra7 29. gxh3 Nf3+ 30. Kg2 Ng5 31. e5   1-0

[Event "U-20 Pan-American Chess Championship Female 2022"]
[Site "(Pereira - Risaralda) Gran Hotel. Calle 19 # 9-19"]
[Date "2022.08.25"]
[Round "5"]
[Board "13"]
[White "Mercado Maestre, Maria Angel"]
[Black "Medina Baquiro, Paula Andrea"]
[Result "0-1"]
[WhiteElo "1310"]
[BlackElo "1235"]
[PlyCount "0"]
[EventDate "2022.08.23"]
[EventRounds "9"]
[EventCountry "COL"]

1. d4 Nf6 2. Nf3 c6 3. c4 d5 4. cxd5 cxd5 5. Nc3 Nc6 6. Bg5 Ne4 7. Bf4 e6 8. a3
a6 9. e3 Nxc3 10. bxc3 b5 11. Ne5 Nxe5 12. Bxe5 f6 13. Bg3 Qa5 14. Qb3 Bd7 15.
Bd3 Rc8 16. Kd2 Be7 17. Rhc1 O-O 18. f3 Rc6 19. e4 Rfc8 20. exd5 exd5 21. Be1
Qc7 22. Bg3 Qa5 23. Be1 Be6 24. Kd1 Bd6 25. g3 Bf7 26. f4 Re8 27. Be2 Re3 28.
Bd2 Re8 29. Bf3 Rc4 30. Be2 Ra4 31. Bf3 Rc4 32. g4 Qa4 33. Qc2 Rec8 34. h3 Rxd4
35. Qxa4 Rxa4 36. Rcb1 Bxa3 37. Rb3 Bd6 38. Rxa4 bxa4 39. Rb6 Bf8 40. Rxa6 a3
41. Ke2 d4 42. Kd1 dxc3 43. Bc1 Bb3+ 44. Ke1 Re8+ 45. Kf2 Bc5+ 46. Kg2 a2 47.
Ra5 Re1 48. Ra8+ Kf7   0-1

[Event "U-20 Pan-American Chess Championship Female 2022"]
[Site "(Pereira - Risaralda) Gran Hotel. Calle 19 # 9-19"]
[Date "2022.08.26"]
[Round "6"]
[Board "1"]
[White "Hernandez Bermudez, Manuela"]
[Black "Garcia Andrada, Heidy Nicole"]
[Result "0-1"]
[WhiteElo "1894"]
[BlackElo "2002"]
[PlyCount "0"]
[EventDate "2022.08.23"]
[EventRounds "9"]
[EventCountry "COL"]

1. e4 e6 2. d4 b6 3. Bd3 Bb7 4. Nf3 d6 5. Qe2 Nd7 6. O-O c5 7. Nc3 a6 8. a4
cxd4 9. Nxd4 Ngf6 10. f4 Qc7 11. Kh1 Be7 12. Bd2 Nc5 13. Rac1 Rc8 14. b4 Nxd3
15. cxd3 Qd8 16. f5 e5 17. Nc2 d5 18. exd5 O-O 19. Qxe5 Bd6 20. Qe2 Bb8 21. Ne4
h6 22. Ne3 Rxc1 23. Bxc1 Nxe4 24. dxe4 Qh4 25. Ng4 h5 26. g3 Qxg4 27. Qxg4 hxg4
28. Bf4 f6 29. Rc1 Bxf4 30. gxf4 Rc8 31. Rxc8+ Bxc8 32. Kg2 Bd7 33. a5 bxa5 34.
bxa5 Ba4 35. Kf2 Bc2 36. Ke3 Kf7 37. Kd4 Ke7 38. e5 Bxf5 39. Kc5 Be4 40. Kd4 f5
41. d6+ Kd7 42. Ke3 Ke6 43. Kd4 Bc6 44. Kc5 Bb5 45. Kd4 g6 46. Ke3 g5 47. fxg5
Kxe5   0-1

[Event "U-20 Pan-American Chess Championship Female 2022"]
[Site "(Pereira - Risaralda) Gran Hotel. Calle 19 # 9-19"]
[Date "2022.08.26"]
[Round "6"]
[Board "2"]
[White "Contreras Huaman, Fiorella"]
[Black "Perez Hernandez, Vicmary C."]
[Result "1-0"]
[WhiteElo "1948"]
[BlackElo "1764"]
[PlyCount "0"]
[EventDate "2022.08.23"]
[EventRounds "9"]
[EventCountry "COL"]

1. d4 Nf6 2. Bf4 g6 3. Nc3 d5 4. Nb5 Na6 5. e3 c6 6. Nc3 Bg7 7. Nf3 O-O 8. Bxa6
bxa6 9. h3 c5 10. O-O Bb7 11. Rb1 Rc8 12. Be5 Qa5 13. Qd2 Rfd8 14. a3 Bc6 15.
Rfd1 Qb6 16. Ne1 Ne4 17. Nxe4 dxe4 18. Bxg7 Kxg7 19. c4 cxd4 20. exd4 Qb3 21.
Qc2 Ba4 22. Qxe4 Rxc4 23. Qxe7 Qb8 24. b3 Rc7 25. Qe3 Rb7 26. Rd3 Re8 27. Qg3
Qxg3 28. Rxg3 Rxb3 29. Rgxb3 Bxb3 30. Rxb3 Rxe1+ 31. Kh2 Rd1 32. Rb4 Rd2 33. f3
Rc2 34. Ra4 Rc6 35. Kg3 Kf6 36. Kf4 Rd6 37. h4 Ke6 38. Ke4 Kf6 39. d5 h6 40.
Kd4 Kf5 41. g4+ Kf6 42. Kc5 Ke7 43. Re4+ Kd7 44. Rf4 f6 45. Rb4 Ke7 46. Rb7+
Rd7 47. Rxd7+ Kxd7 48. f4 g5 49. fxg5 fxg5 50. h5 a5 51. a4 a6 52. Kd4   1-0

[Event "U-20 Pan-American Chess Championship Female 2022"]
[Site "(Pereira - Risaralda) Gran Hotel. Calle 19 # 9-19"]
[Date "2022.08.26"]
[Round "6"]
[Board "3"]
[White "Pacheco Jimenez, Yesenia"]
[Black "Pena Gonzalez, Clara Isabel"]
[Result "1-0"]
[WhiteElo "1653"]
[BlackElo "1833"]
[PlyCount "0"]
[EventDate "2022.08.23"]
[EventRounds "9"]
[EventCountry "COL"]

1. d4 Nf6 2. c4 g6 3. Nf3 Bg7 4. g3 d5 5. cxd5 Nxd5 6. Bg2 O-O 7. O-O Nb6 8. e4
c5 9. dxc5 Qxd1 10. Rxd1 Na4 11. Nc3 Nxc5 12. Be3 Nca6 13. Nd4 Nc6 14. Nd5 Nab4
15. Nxc6 Nxc6 16. Rd2 b6 17. Rc1 Bb7 18. Rxc6 Bxc6 19. Nxe7+ Kh8 20. Nxc6 Rac8
21. e5 Rce8 22. Bd5 h5 23. f4 Ra8 24. a4 Kh7 25. h3 Rfc8 26. b4 Rc7 27. Kg2 Bf8
28. g4 hxg4 29. hxg4 Rac8 30. b5 Kg7 31. f5 Ba3 32. Bg5 gxf5 33. Bf6+ Kg6 34.
Kf3 fxg4+ 35. Kxg4 a6 36. Be4+   1-0

[Event "U-20 Pan-American Chess Championship Female 2022"]
[Site "(Pereira - Risaralda) Gran Hotel. Calle 19 # 9-19"]
[Date "2022.08.26"]
[Round "6"]
[Board "4"]
[White "Matus, Nastassja"]
[Black "Hilario, Aleyla"]
[Result "1/2-1/2"]
[WhiteElo "1976"]
[BlackElo "1899"]
[PlyCount "0"]
[EventDate "2022.08.23"]
[EventRounds "9"]
[EventCountry "COL"]

1. d4 Nf6 2. c4 g6 3. g3 Bg7 4. Bg2 c5 5. d5 d6 6. Nc3 O-O 7. Nf3 e6 8. O-O
exd5 9. cxd5 Re8 10. Bf4 Ne4 11. Nxe4 Rxe4 12. Nd2 Rb4 13. a3 Rxf4 14. gxf4
Bxb2 15. Ra2 Bg7 16. Qb3 Na6 17. Nc4 Rb8 18. a4 Nb4 19. Rd2 f5 20. Kh1 Bf8 21.
f3 Qh4 22. e3 Bd7 23. Ra1 Bg7 24. Rb1 Bf8 25. Na3 Be8 26. Bf1 Rd8 27. Nc2 a5
28. Ne1 Bg7 29. Ng2 Qf6 30. Rc1 Qe7 31. Bc4 Bd7 32. Bb5 Bxb5 33. axb5 Qe8 34.
Qa4 b6 35. h3 Rc8 36. Rc4 Qd7 37. Kg1 Qf7 38. Kh1   1/2-1/2

[Event "U-20 Pan-American Chess Championship Female 2022"]
[Site "(Pereira - Risaralda) Gran Hotel. Calle 19 # 9-19"]
[Date "2022.08.26"]
[Round "6"]
[Board "5"]
[White "Diaz Charpentier, Kristel Meliss"]
[Black "Ruiz Jaraba, Valentina Sofia"]
[Result "1/2-1/2"]
[WhiteElo "1989"]
[BlackElo "1816"]
[PlyCount "0"]
[EventDate "2022.08.23"]
[EventRounds "9"]
[EventCountry "COL"]

1. Nf3 e6 2. c4 d5 3. g3 dxc4 4. Qa4+ Nd7 5. Qxc4 a6 6. Qc2 b5 7. Bg2 Bb7 8.
O-O c5 9. Rd1 Ngf6 10. d3 Be7 11. a4 O-O 12. Nbd2 Qc7 13. b4 Rfc8 14. bxc5 Nxc5
15. axb5 axb5 16. Rxa8 Bxa8 17. Bb2 Na4 18. Qxc7 Rxc7 19. Be5 Rc8 20. Ra1 Nd5
21. Ne4 f6 22. Bh3 Kf7 23. Bd6 Ndc3 24. Nxc3 Nxc3 25. Nd4 Nxe2+ 26. Nxe2 Bxd6
27. Ra6 Rd8 28. Nd4 f5 29. Nxb5 Be7 30. Nc7 Bb7 31. Rb6 Bf3 32. Rxe6 Rxd3 33.
Re1   1/2-1/2

[Event "U-20 Pan-American Chess Championship Female 2022"]
[Site "(Pereira - Risaralda) Gran Hotel. Calle 19 # 9-19"]
[Date "2022.08.26"]
[Round "6"]
[Board "6"]
[White "Susunaga Duran, Madelen Fernanda"]
[Black "Ruiz Villalba, Andrea"]
[Result "0-1"]
[WhiteElo "1204"]
[BlackElo "1845"]
[PlyCount "0"]
[EventDate "2022.08.23"]
[EventRounds "9"]
[EventCountry "COL"]

1. e4 c5 2. Nf3 d6 3. d4 cxd4 4. Nxd4 Nf6 5. Nc3 g6 6. Be3 Bg7 7. f3 O-O 8. Qd2
Nc6 9. O-O-O d5 10. exd5 Nxd5 11. Nxc6 bxc6 12. Nxd5 cxd5 13. Qxd5 Qc7 14. Qc4
Qe5 15. Bd4 Qf4+ 16. Rd2 Be6 17. Qd3 Rad8 18. Be3 Bxb2+ 19. Kd1 Qc7 20. Qa6 Qe5
21. Qxa7 Bc3 22. Rxd8 Rxd8+ 23. Bd3 Qb5 24. Ke2 Rxd3 25. Qa8+ Rd8+   0-1

[Event "U-20 Pan-American Chess Championship Female 2022"]
[Site "(Pereira - Risaralda) Gran Hotel. Calle 19 # 9-19"]
[Date "2022.08.26"]
[Round "6"]
[Board "7"]
[White "Pinillo Canon, Silvana"]
[Black "Caicedo Anguila, Juliana"]
[Result "0-1"]
[WhiteElo "1806"]
[BlackElo "1591"]
[PlyCount "0"]
[EventDate "2022.08.23"]
[EventRounds "9"]
[EventCountry "COL"]

1. e4 e6 2. d4 d5 3. e5 b6 4. Bb5+ c6 5. Ba4 b5 6. Bb3 c5 7. c3 Nc6 8. Ne2 Nge7
9. O-O Nf5 10. Bc2 Be7 11. Ng3 cxd4 12. Nxf5 exf5 13. cxd4 O-O 14. Nc3 a6 15.
Re1 Be6 16. Bf4 Qb6 17. Be3 Qa7 18. Qd2 Rac8 19. a3 Na5 20. Qe2 Nc4 21. Bb3 Rc6
22. Red1 Rfc8 23. Bc1 Qd7 24. Qf3 R6c7 25. h3 Nb6 26. Ne2 a5 27. Qd3 Nc4 28. a4
b4 29. Qg3 Qc6 30. Nf4 Bd7 31. Qf3 Be6 32. Nh5 Bd7 33. Bf4 Qe6 34. Rab1 Nb6 35.
Ra1 Nc4 36. Re1 Rc6 37. Be3 g5 38. Bc1 R6c7 39. Ng3 Rd8 40. Re2 Rdc8 41. Re1 f4
42. Nf1 Nb6 43. Nh2 Bc6 44. h4 h6 45. g4 Kg7 46. Bc2 Bb7 47. Bf5 Qc6 48. Bxc8
Bxc8 49. hxg5 hxg5 50. Qd1 Qg6 51. b3 Be6 52. Ra2 Rc3 53. Rd2 Bd7 54. Bb2 Rc8
55. Rd3 Qh7 56. Qf3 Rh8 57. Qg2 Qxd3 58. Qf3 Qxf3 59. Nxf3 Bxg4 60. Nd2 Rc8 61.
f3 Be6 62. Kf2 Rc2 63. Bc1 Kg6 64. Ke2 Kf5 65. Kd3 Rc3+ 66. Ke2 Re3+ 67. Kf2
Rxe1 68. Kxe1 Nd7 69. Kf2 f6 70. exf6 Bxf6 71. Bb2 Nb8 72. Ke2 Nc6 73. Kd3 Kg6
  0-1

[Event "U-20 Pan-American Chess Championship Female 2022"]
[Site "(Pereira - Risaralda) Gran Hotel. Calle 19 # 9-19"]
[Date "2022.08.26"]
[Round "6"]
[Board "8"]
[White "Medina Baquiro, Paula Andrea"]
[Black "Montano Vicente, Guadalupe"]
[Result "0-1"]
[WhiteElo "1235"]
[BlackElo "1644"]
[PlyCount "0"]
[EventDate "2022.08.23"]
[EventRounds "9"]
[EventCountry "COL"]

1. e4 c5 2. Nf3 d6 3. d4 cxd4 4. Nxd4 Nf6 5. Nc3 a6 6. h3 e5 7. Nb3 Qc7 8. Be3
Be6 9. Nd5 Nxd5 10. exd5 Bf5 11. Bd3 Bxd3 12. Qxd3 Nd7 13. O-O-O Be7 14. g4 b5
15. f4 Rc8 16. Kb1 O-O 17. f5 f6 18. h4 Nb6 19. h5 h6 20. Na5 Nd7 21. Nc6 Nb8
22. Bb6 Qb7 23. Nxe7+ Qxe7 24. Rde1 Qb7 25. Ba5 Nd7 26. Rd1 Rc4 27. Qg3 Rcc8
28. Bd2 Nc5 29. Qg2 Qe7 30. Be3 Rc7 31. Rdg1 Rf7 32. Rh3 Rd7 33. Bxc5 dxc5 34.
Rd1 Qd6 35. Qe4 Rf8 36. Rhd3 Rfd8 37. Ra3 Qb6 38. Rad3 c4 39. Re3 Qc5 40. c3
Rxd5 41. Rxd5 Qxd5 42. Qxd5+ Rxd5 43. Re4 Kf7 44. Kc2 Ke7 45. b3 Rc5 46. b4 Rd5
47. Re3 Kd6 48. Re2 Rd3 49. Rd2 e4 50. Re2 Ke5 51. Rf2 e3 52. Re2 Kf4 53. Re1
Kf3 54. Rf1+ Ke2 55. Rh1 Rd2+ 56. Kc1 Kd3 57. Rh3 Rxa2 58. Kb1 Rg2 59. Kc1 Rg1+
60. Kb2 Kd2 61. Rh2+ e2   0-1

[Event "U-20 Pan-American Chess Championship Female 2022"]
[Site "(Pereira - Risaralda) Gran Hotel. Calle 19 # 9-19"]
[Date "2022.08.26"]
[Round "6"]
[Board "9"]
[White "Lobo Meneses, Natalia"]
[Black "Escobar Villota, Domenika Gabriela"]
[Result "0-1"]
[WhiteElo "1319"]
[BlackElo "1520"]
[PlyCount "0"]
[EventDate "2022.08.23"]
[EventRounds "9"]
[EventCountry "COL"]

1. e4 c5 2. d3 g6 3. g3 Bg7 4. Bg2 Nc6 5. c3 e6 6. f4 Nge7 7. Nf3 d6 8. O-O O-O
9. Na3 Rb8 10. h4 d5 11. exd5 exd5 12. Nc2 Nf5 13. Kh2 d4 14. cxd4 Nfxd4 15.
Nfxd4 Nxd4 16. Be3 b6 17. Rb1 Bb7 18. Nxd4 Bxd4 19. Bxb7 Rxb7 20. Qf3 Rd7 21.
Bxd4 Rxd4 22. Rbd1 b5 23. Rfe1 Qd7 24. Re5 c4 25. Kg2 Rd8 26. Kf2 a6 27. Re4
Qd5 28. Re5 Qd6 29. Re4 Qb4 30. Rxd4 Qxb2+ 31. Ke1 Qxd4 32. Qf2 Qd5 33. d4 c3
34. Rd3 b4 35. Kd1 Re8 36. Kc1 Kg7 37. a3 a5 38. axb4 axb4 39. Qf3 Qb3 40. Qf2
Qa3+ 41. Kb1 Re1+ 42. Rd1 Qb3+ 43. Kc1 Rxd1#   0-1